Nieblas de la historia patria / (Record no. 154412)

MARC details
000 -LEADER
campo de control de longitud fija 00699nam a2200193 i 4500
001 - NÚMERO DE CONTROL
campo de control 154412
003 - IDENTIFICADOR DE NÚMERO DE CONTROL
campo de control ES-MaACL
005 - FECHA Y HORA DE LA ÚLTIMA TRANSACCIÓN
campo de control 20250604062546.0
008 - DATOS DE LONGITUD FIJA--INFORMACIÓN GENERAL
campo de control de longitud fija 961110s1888 sp a |||| | spa d
100 1# - ENTRADA PRINCIPAL--NOMBRE DE PERSONA
Nombre de persona Gómez de Arteche, José.
9 (RLIN) 57884
245 10 - MENCIÓN DEL TÍTULO
Título Nieblas de la historia patria /
Mención de responsabilidad, etc. por José Gómez de Arteche.
250 ## - MENCION DE EDICION
Mención de edición 2ª ed. corr., aum.
Resto de la mención de edición y con ilustraciones de Joaquín Diéguez Díaz.
260 ## - PUBLICACIÓN, DISTRIBUCIÓN, ETC.
Lugar de publicación, distribución, etc. Barcelona :
Nombre del editor, distribuidor, etc. [s.n.],
Fecha de publicación, distribución, etc. 1888 (
Fabricante Est. tipográf. de Fidel Giró)
300 ## - DESCRIPCIÓN FÍSICA
Extensión 439 p. :
Otras características físicas il. ;
Dimensiones 26 cm.
651 #7 - PUNTO DE ACCESO ADICIONAL DE MATERIA--NOMBRE GEOGRÁFICO
Nombre geográfico España-
Subdivisión general Historia-
Subdivisión cronológica S.XIX
Fuente del encabezamiento o término
9 (RLIN) 142005
700 1# - ENTRADA AGREGADA--NOMBRE PERSONAL
Nombre de persona Diéguez, Joaquín (
Fechas asociadas al nombre 1860-)
9 (RLIN) 165688
852 ## - LOCALIZACIÓN
Ubicación ES-MaACL
Número de control de estantería C-2309
Nota libre - Enc. hol.
Holdings
Estatus retirado Estado de pérdida Estado de daño No para préstamo Colección Biblioteca de origen Biblioteca actual Ubicación en estantería Fecha de adquisición Fuente de adquisición Total de préstamos Signatura topográfica completa Código de barras Visto por última vez Precio de reemplazo Tipo de ítem Koha
        Libros del s. XIX Biblioteca del Ateneo de Madrid Biblioteca del Ateneo de Madrid Sala Palomar 17/01/2008     C-2309 1161480 23/02/2023 23/02/2023 Libro impreso antiguo